[Event "Troisdorf op"]
[Site "Troisdorf"]
[Date "1998.11.03"]
[Round "3"]
[White "Baumgarten, Fred"]
[Black "Fusswinkel, Torsten"]
[Result "0-1"]
[WhiteElo "1550"]
[BlackElo "1427"]
[PlyCount "120"]
[EventDate "1998.10.20"]
[EventType "swiss"]
[EventRounds "7"]
[EventCountry "GER"]
[SourceTitle "EXT 2002"]
[Source "ChessBase"]
[SourceDate "2001.11.25"]
[SourceVersion "1"]
[SourceVersionDate "2001.11.25"]
[SourceQuality "1"]

1. e4 e5 2. Nf3 f5 3. Nxe5 Qf6 4. d4 fxe4 5. Nc3 Bb4 6. Bc4 Ne7 7. Bf7+ Kd8 8. Bb3 Rf8 9. Qe2 d6 10. 0-0 dxe5 11. Nxe4 Qg6 12. dxe5 Be6 13. Rd1+ Kc8 14. Bxe6+ Qxe6 15. Ng5 Qf5 16. g4 Qg6 17. Qc4 Nbc6 18. f4 h6 19. Qe6+ Qxe6 20. Nxe6 Rg8 21. Rd3 Nd8 22. Nd4 Bc5 23. Be3 Nec6 24. Rad1 Nxd4 25. Bxd4 Bxd4+ 26. Rxd4 Ne6 27. Rc4 Rd8 28. Rxd8+ Kxd8 29. f5 Ng5 30. Kg2 c6 31. h4 Nh7 32. Kf3 Ke7 33. Ke4 Rd8 34. Rb4 b6 35. a4 Rd2 36. Rc4 c5 37. b4 cxb4 38. Rc7+ Rd7 39. Rc6 Nf8 40. g5 hxg5 41. hxg5 Rd2 42. e6 Nxe6 43. fxe6 Re2+ 44. Kf5 a5 45. Rc7+ Kf8 46. e7+ Rxe7 47. Rxe7 Kxe7 48. Kg6 Kf8 49. Kh7 Kf7 50. Kh8 Kg6 51. Kg8 Kxg5 52. Kxg7 Kf4 53. Kf6 Ke4 54. Ke6 Kd4 55. Kd6 Kc3 56. Kc6 Kxc2 57. Kxb6 b3 58. Kxa5 b2 59. Ka6 b1Q 60. a5 Qb4 0-1